| 000 | 00596nam a22001937a 4500 | ||
|---|---|---|---|
| 005 | 20251108164840.0 | ||
| 008 | 250721s1987 xx 000 0 ara d | ||
| 082 | 1 | 4 | _a814/نصا |
| 100 | 1 |
_aنصار، زينات _eمؤلف |
|
| 245 | 1 | 0 |
_aالعالم إمرأة و رجل : _bالحب بكل اللغات / |
| 250 | _aط2. | ||
| 264 | 1 |
_aلندن : _bرياض الريس للكتب و النشر، _c1987. |
|
| 300 | _a295ص. | ||
| 650 | 1 | 7 | _aالمقالات العربية |
| 650 | 1 | 7 | _aالأدب العربي |
| 650 | 1 | 7 | _aالحب (عواطف) |
| 942 |
_2ddc _cBK |
||
| 999 |
_c15825 _d15825 |
||